Introdução à topologia algébrica /
Guardado en:
| Autor Principal: | |
|---|---|
| Formato: | Libro |
| Idioma: | Portuguese |
| Publicado: |
São Paulo :
Instituto de Pesquisas Matemáticas da Universidade de São Paulo,
1969.
|
| Series: | Publicações do Instituto de Pesquisas Matemáticas da Universidade de São Paulo
|
| Materias: | |
| Etiquetas: |
Agregar Etiqueta
Sin Etiquetas, Sea el primero en etiquetar este registro!
|
| LEADER | 00738cam a22002051a 4500 | ||
|---|---|---|---|
| 001 | MAT.inmabb005909 | ||
| 008 | 811030s1969####bl############000#0#por## | ||
| 005 | 20130416171456.0 | ||
| 245 | 1 | 0 | |a Introdução à topologia algébrica / |c [por] Renzo A. Piccinini. |
| 260 | |a São Paulo : |b Instituto de Pesquisas Matemáticas da Universidade de São Paulo, |c 1969. | ||
| 300 | |a 129 p. ; |c 27 cm. | ||
| 440 | 0 | |a Publicações do Instituto de Pesquisas Matemáticas da Universidade de São Paulo | |
| 510 | 4 | |a MR, |c 54 #8608 | |
| 100 | 1 | |a Piccinini, Renzo A., |d 1933- | |
| 650 | 0 | |a Algebraic topology. | |
| 650 | 0 | |a Homology theory. | |
| 084 | |a 55-01 |2 msc2000 | ||
| 010 | |a 72208036 | ||
| 040 | |a DLC |c DLC |d DLC | ||
| 859 | |h 55 |i P588 |p A-4660 |b BIB. MATEMATICA | ||
